[Event "Madrid ch Final"]
[Site "Madrid ESP"]
[Date "2008.02.26"]
[Round "1.1"]
[White "Madina Yadarola, Martin"]
[Black "Gallardo Garcia, Andres"]
[Result "0-1"]
[WhiteElo "2290"]
[BlackElo "2380"]
[PlyCount "82"]
[EventDate "2008.02.27"]
[EventType "tourn"]
[EventRounds "11"]
[EventCountry "ESP"]
[Source "lmi"]
[SourceDate "2008.02.27"]

1. e4 c6 2. d4 d5 3. exd5 cxd5 4. Bd3 Nc6 5. c3 Qc7 6. h3 Nf6 7. Ne2 e6 8. Bf4
Bd6 9. Bxd6 Qxd6 10. Nd2 Bd7 11. O-O O-O 12. Nf3 Rfc8 13. Re1 a6 14. Ng3 Qf4
15. Ne5 Qh4 16. Qd2 Nxe5 17. dxe5 Nh5 18. Ne2 f5 19. exf6 Qxf6 20. f4 Rf8 21.
Rf1 Qh4 22. Qe3 Rae8 23. Kh2 Nf6 24. Qg3 Qh5 25. Qg5 Qxg5 26. fxg5 Ne4 27. Bxe4
dxe4 28. Ng3 Bc6 29. Kg1 Rxf1+ 30. Nxf1 Rd8 31. Kf2 Kf7 32. Re1 Kg6 33. h4 Kh5
34. Ng3+ Kxh4 35. Nxe4 Kg4 36. Re3 Bxe4 37. Rxe4+ Kxg5 38. Rxe6 Rd2+ 39. Re2
Rxe2+ 40. Kxe2 Kf4 41. Kf2 h5 0-1

[Event "Madrid ch Final"]
[Site "Madrid ESP"]
[Date "2008.02.26"]
[Round "1.2"]
[White "De la Fuente Gonzalez, Francisco"]
[Black "Blanco Sanchez, Jose Fernando"]
[Result "1/2-1/2"]
[WhiteElo "2226"]
[BlackElo "2155"]
[PlyCount "99"]
[EventDate "2008.02.27"]
[EventType "tourn"]
[EventRounds "11"]
[EventCountry "ESP"]
[Source "lmi"]
[SourceDate "2008.02.27"]

1. c4 d6 2. Nc3 e5 3. g3 Nc6 4. Bg2 g6 5. Nf3 Bg7 6. O-O Nge7 7. d3 O-O 8. Rb1
f5 9. Bg5 h6 10. Bxe7 Nxe7 11. Nd5 c6 12. Nxe7+ Qxe7 13. b4 Kh7 14. b5 c5 15.
Nd2 f4 16. Ne4 h5 17. a4 Bg4 18. Nc3 h4 19. Ne4 fxg3 20. hxg3 Bh6 21. Qe1 hxg3
22. Nxg3 Qh4 23. e3 Rf3 24. Ne4 Kg7 25. Qa5 b6 26. Qa6 Bc8 27. Bxf3 Bxa6 28.
bxa6 Rf8 29. Bg2 Bg5 30. a5 Bd8 31. Nxd6 e4 32. axb6 axb6 33. dxe4 Bc7 34. e5
Qe7 35. a7 Qxe5 36. a8=Q Rxa8 37. Bxa8 Qxd6 38. Rfd1 Qh2+ 39. Kf1 g5 40. Ke2
Qe5 41. Rd7+ Kf6 42. Rh1 g4 43. Rh6+ Kg5 44. Rd5 Kxh6 45. Rxe5 Bxe5 46. Kd3 Kg5
47. Bb7 Bh2 48. Ke4 Bg1 49. f4+ gxf3 50. Kxf3 1/2-1/2

[Event "Madrid ch Final"]
[Site "Madrid ESP"]
[Date "2008.02.26"]
[Round "1.3"]
[White "Ballesteros Gonzalez, David"]
[Black "Sanchez Garcia, Aurelio"]
[Result "1/2-1/2"]
[WhiteElo "2285"]
[BlackElo "2117"]
[PlyCount "90"]
[EventDate "2008.02.27"]
[EventType "tourn"]
[EventRounds "11"]
[EventCountry "ESP"]
[Source "lmi"]
[SourceDate "2008.02.27"]

1. d4 Nf6 2. c4 Nc6 3. Nf3 e6 4. Nc3 Bb4 5. Bg5 h6 6. Bh4 g5 7. Bg3 Ne4 8. Qd3
Bxc3+ 9. bxc3 Nxg3 10. hxg3 d6 11. e4 e5 12. d5 Nb8 13. Qe3 f6 14. Be2 Na6 15.
Nd2 Qe7 16. Bh5+ Kd8 17. Nb3 b6 18. Be2 Nc5 19. Nxc5 dxc5 20. a4 a5 21. Kf1 Bd7
22. Kg1 Kc8 23. Bd1 Kb7 24. Bc2 Rh7 25. Rd1 Qd6 26. Rd2 Rah8 27. Bd1 h5 28. Rd3
Be8 29. Qd2 Bg6 30. Re3 h4 31. g4 Be8 32. Reh3 Bg6 33. Bc2 Kc8 34. Qe3 Kd8 35.
Qe1 Ke8 36. Kh2 Kf8 37. Qe2 Kg7 38. Re1 Be8 39. Re3 Bd7 40. Kh3 Rh6 41. Bd1
R6h7 42. Rh1 Rh5 43. Kh2 R5h7 44. Kg1 Rh6 45. Qd2 R6h7 1/2-1/2

[Event "Madrid ch Final"]
[Site "Madrid ESP"]
[Date "2008.02.26"]
[Round "1.4"]
[White "Candela Perez, Jose"]
[Black "Vazquez Igarza, Renier"]
[Result "0-1"]
[WhiteElo "2407"]
[BlackElo "2530"]
[PlyCount "62"]
[EventDate "2008.02.27"]
[EventType "tourn"]
[EventRounds "11"]
[EventCountry "ESP"]
[Source "lmi"]
[SourceDate "2008.02.27"]

1. d4 d5 2. c4 c6 3. Nf3 Nf6 4. Nc3 dxc4 5. a4 Bf5 6. Ne5 Nbd7 7. Nxc4 Qc7 8.
g3 e5 9. dxe5 Nxe5 10. Bf4 Nfd7 11. Bg2 g5 12. Ne3 gxf4 13. Nxf5 O-O-O 14. Qc2
Ng6 15. O-O a5 16. Rac1 Kb8 17. Rfd1 Qb6 18. Ne4 Bb4 19. Ng5 Nde5 20. gxf4 Nxf4
21. Qe4 Neg6 22. Rxd8+ Qxd8 23. Nxf7 Qd2 24. Rb1 Nxe2+ 25. Kf1 Nc1 26. Bf3 Bc5
27. Be2 Nxe2 28. Qxe2 Qd5 29. Qc2 Qh1+ 30. Ke2 Re8+ 31. Ne3 Nf4+ 0-1

[Event "Madrid ch Final"]
[Site "Madrid ESP"]
[Date "2008.02.26"]
[Round "1.5"]
[White "Alvarez Abejon, Amilcar"]
[Black "Vukotic Jovsic, Dragan"]
[Result "0-1"]
[WhiteElo "2080"]
[BlackElo "2053"]
[PlyCount "42"]
[EventDate "2008.02.27"]
[EventType "tourn"]
[EventRounds "11"]
[EventCountry "ESP"]
[Source "lmi"]
[SourceDate "2008.02.27"]

1. d4 e6 2. Nf3 d5 3. c4 Nf6 4. Bg5 Be7 5. Nc3 O-O 6. e3 Nbd7 7. Rc1 c6 8. Bd3
dxc4 9. Bxc4 Nd5 10. Bxe7 Qxe7 11. Ne4 N5b6 12. Bd3 e5 13. O-O f5 14. Qb3+ Kh8
15. Neg5 e4 16. Ne6 Rf6 17. Nfg5 exd3 18. Nf4 d2 19. Rcd1 Nf8 20. h4 Be6 21.
Qd3 Bc4 0-1

[Event "Madrid ch Final"]
[Site "Madrid ESP"]
[Date "2008.02.26"]
[Round "1.6"]
[White "Adan Bermudez, Sergio"]
[Black "Lopez Andujar Ocana, Antonio"]
[Result "1-0"]
[WhiteElo "2087"]
[BlackElo "2158"]
[PlyCount "59"]
[EventDate "2008.02.27"]
[EventType "tourn"]
[EventRounds "11"]
[EventCountry "ESP"]
[Source "lmi"]
[SourceDate "2008.02.27"]

1. c4 e6 2. Nf3 Nf6 3. g3 d5 4. b3 d4 5. Bb2 Nc6 6. e3 e5 7. exd4 exd4 8. Bg2
Be7 9. O-O O-O 10. d3 Bg4 11. h3 Bh5 12. Na3 a5 13. Nc2 Bc5 14. a3 Qd6 15. Qd2
Rab8 16. Nh4 Bg6 17. Nxg6 hxg6 18. Bxc6 bxc6 19. b4 axb4 20. axb4 Qd7 21. Kh2
Bb6 22. Ba3 Rfd8 23. Qf4 Nh5 24. Qg4 Qxg4 25. hxg4 Nf6 26. c5 Bxc5 27. bxc5
Nxg4+ 28. Kg2 Rb3 29. Rfd1 Ne5 30. Nxd4 1-0

[Event "Madrid ch Final"]
[Site "Madrid ESP"]
[Date "2008.02.27"]
[Round "2.1"]
[White "Gallardo Garcia, Andres"]
[Black "Lopez Andujar Ocana, Antonio"]
[Result "1-0"]
[WhiteElo "2380"]
[BlackElo "2158"]
[PlyCount "125"]
[EventDate "2008.02.27"]
[EventType "tourn"]
[EventRounds "11"]
[EventCountry "ESP"]
[Source "lmi"]
[SourceDate "2008.02.27"]

1. e4 e5 2. Nf3 Nf6 3. Nxe5 d6 4. Nf3 Nxe4 5. Qe2 Qe7 6. d3 Nf6 7. Bg5 Qxe2+ 8.
Bxe2 Be7 9. Nc3 c6 10. O-O-O Ng4 11. Bxe7 Kxe7 12. Rde1 Be6 13. Nd4 Nh6 14. g4
Kd7 15. h3 Na6 16. f4 g6 17. Rhf1 c5 18. Nxe6 fxe6 19. Ne4 Nc7 20. Bf3 Raf8 21.
Ng5 Nf7 22. Ne4 Nd8 23. Bh1 Rf7 24. Rf2 h6 25. Ref1 Rhf8 26. Ng3 e5 27. f5 g5
28. Ne4 b6 29. Nc3 Nc6 30. Kd2 Ne7 31. Ke1 Ng8 32. Nd5 Nf6 33. Nxf6+ Rxf6 34.
c4 Ke7 35. Be4 Kd8 36. h4 gxh4 37. Rh2 Ne6 38. Rxh4 Nf4 39. Rfh1 Rg8 40. Rxh6
Rxh6 41. Rxh6 Rxg4 42. Rxd6+ Ke7 43. Rc6 Kd7 44. Rh6 Rg7 45. Rh8 Ke7 46. Rh6
Kf7 47. Rc6 Kg8 48. a4 Rd7 49. a5 bxa5 50. Rxc5 Nxd3+ 51. Bxd3 Rxd3 52. Rxe5
Rb3 53. Rxa5 Rxb2 54. Rxa7 Rc2 55. Rc7 Kf8 56. f6 Rh2 57. c5 Rh5 58. f7 Rh6 59.
c6 Rh3 60. Rc8+ Kxf7 61. c7 Re3+ 62. Kf2 Rc3 63. Rh8 1-0

[Event "Madrid ch Final"]
[Site "Madrid ESP"]
[Date "2008.02.27"]
[Round "2.2"]
[White "Vukotic Jovsic, Dragan"]
[Black "Adan Bermudez, Sergio"]
[Result "0-1"]
[WhiteElo "2053"]
[BlackElo "2087"]
[PlyCount "26"]
[EventDate "2008.02.27"]
[EventType "tourn"]
[EventRounds "11"]
[EventCountry "ESP"]
[Source "lmi"]
[SourceDate "2008.02.27"]

1. d4 d5 2. c4 c6 3. Nc3 Nf6 4. Nf3 dxc4 5. e3 b5 6. Ne5 e6 7. Qf3 Qb6 8. a4
Bb7 9. a5 Qc7 10. Be2 a6 11. Qg3 c5 12. O-O Nc6 13. Rd1 Nxa5 0-1

[Event "Madrid ch Final"]
[Site "Madrid ESP"]
[Date "2008.02.27"]
[Round "2.3"]
[White "Vazquez Igarza, Renier"]
[Black "Alvarez Abejon, Amilcar"]
[Result "1-0"]
[WhiteElo "2530"]
[BlackElo "2080"]
[PlyCount "37"]
[EventDate "2008.02.27"]
[EventType "tourn"]
[EventRounds "11"]
[EventCountry "ESP"]
[Source "lmi"]
[SourceDate "2008.02.27"]

1. d4 Nf6 2. c4 g6 3. Nc3 d5 4. cxd5 Nxd5 5. e4 Nxc3 6. bxc3 Bg7 7. Nf3 c5 8.
Rb1 O-O 9. Be2 b6 10. O-O Bb7 11. Qd3 Ba6 12. Qe3 Bxe2 13. Qxe2 Qd7 14. Rd1 Qa4
15. d5 Na6 16. e5 Nc7 17. c4 Rad8 18. Bg5 Qd7 19. d6 1-0

[Event "Madrid ch Final"]
[Site "Madrid ESP"]
[Date "2008.02.27"]
[Round "2.4"]
[White "Sanchez Garcia, Aurelio"]
[Black "Candela Perez, Jose"]
[Result "0-1"]
[WhiteElo "2117"]
[BlackElo "2407"]
[PlyCount "122"]
[EventDate "2008.02.27"]
[EventType "tourn"]
[EventRounds "11"]
[EventCountry "ESP"]
[Source "lmi"]
[SourceDate "2008.02.27"]

1. d4 Nf6 2. Nf3 g6 3. Nc3 d5 4. Bf4 Bg7 5. Qd2 O-O 6. Bh6 b6 7. h4 c5 8. h5
Bf5 9. Bxg7 Kxg7 10. hxg6 Bxg6 11. Qh6+ Kg8 12. O-O-O cxd4 13. Nxd4 e5 14. Nf3
Qc7 15. e3 Nbd7 16. Rd2 Rfd8 17. Nh4 Nc5 18. Nxg6 fxg6 19. Nxd5 Rxd5 20. Bc4
Rad8 21. Rhd1 Qc6 22. Qh4 Kg7 23. Bxd5 Rxd5 24. Rxd5 Nxd5 25. Qc4 Nf6 26. f3 a5
27. Qc3 Qe6 28. b3 h5 29. a3 g5 30. Rd8 Qe7 31. Rd1 e4 32. Kb2 Kg6 33. Qd4 exf3
34. gxf3 g4 35. Rg1 Qe6 36. e4 Ncd7 37. Ka2 Qe5 38. Qc4 Qc5 39. Qxc5 bxc5 40.
fxg4 hxg4 41. b4 a4 42. bxc5 Ne5 43. Kb2 Nxe4 44. c6 Nc4+ 45. Ka2 Kg5 46. c7
Ned6 47. Rd1 g3 48. Rd3 Kf4 49. Rd4+ Kf3 50. Rxc4 g2 51. Rc6 g1=Q 52. Rxd6 Qg8+
53. Kb2 Qg7+ 54. c3 Qxc7 55. Rd3+ Ke2 56. Rd4 Qb6+ 57. Rb4 Qc6 58. Rd4 Ke3 59.
Kc2 Qb5 60. Rb4 Qe2+ 61. Kb1 Kd3 0-1

[Event "Madrid ch Final"]
[Site "Madrid ESP"]
[Date "2008.02.27"]
[Round "2.5"]
[White "Blanco Sanchez, Jose Fernando"]
[Black "Ballesteros Gonzalez, David"]
[Result "0-1"]
[WhiteElo "2155"]
[BlackElo "2285"]
[PlyCount "46"]
[EventDate "2008.02.27"]
[EventType "tourn"]
[EventRounds "11"]
[EventCountry "ESP"]
[Source "lmi"]
[SourceDate "2008.02.27"]

1. e4 g6 2. Nc3 c6 3. g3 d5 4. Bg2 d4 5. Nce2 e5 6. d3 f5 7. exf5 Bxf5 8. Nf3
Nf6 9. O-O Nbd7 10. Re1 Be7 11. h3 h5 12. Kh2 Qc7 13. Ng5 Nh7 14. Nxh7 Rxh7 15.
f4 O-O-O 16. c3 Nc5 17. fxe5 Nxd3 18. Nxd4 Nxe1 19. Qxe1 h4 20. g4 Bd7 21. Kh1
c5 22. Nf3 Bc6 23. Bf4 Rf7 0-1

[Event "Madrid ch Final"]
[Site "Madrid ESP"]
[Date "2008.02.27"]
[Round "2.6"]
[White "Madina Yadarola, Martin"]
[Black "De la Fuente Gonzalez, Francisco"]
[Result "1/2-1/2"]
[WhiteElo "2290"]
[BlackElo "2226"]
[PlyCount "28"]
[EventDate "2008.02.27"]
[EventType "tourn"]
[EventRounds "11"]
[EventCountry "ESP"]
[Source "lmi"]
[SourceDate "2008.02.27"]

1. e4 e5 2. Nf3 Nf6 3. Nxe5 d6 4. Nc4 Nxe4 5. d4 d5 6. Ne3 Qf6 7. Qe2 Be6 8. c3
Bd6 9. Nd2 Nxd2 10. Bxd2 c6 11. g3 O-O 12. Bg2 Na6 13. O-O Rfe8 14. Qd3 Qg6
1/2-1/2

[Event "Madrid ch Final"]
[Site "Madrid ESP"]
[Date "2008.02.28"]
[Round "3.1"]
[White "De la Fuente Gonzalez, Francisco"]
[Black "Gallardo Garcia, Andres"]
[Result "0-1"]
[WhiteElo "2226"]
[BlackElo "2380"]
[PlyCount "114"]
[EventDate "2008.02.27"]
[EventType "tourn"]
[EventRounds "11"]
[EventCountry "ESP"]
[Source "lmi"]
[SourceDate "2008.02.27"]

1. c4 c6 2. d4 d5 3. cxd5 cxd5 4. Nc3 Nc6 5. Nf3 Nf6 6. Bf4 e6 7. e3 Nh5 8. Bg5
Qb6 9. Bb5 h6 10. Bh4 Bd6 11. Ne5 Bxe5 12. dxe5 g6 13. O-O Bd7 14. Bf6 Nxf6 15.
exf6 Ne5 16. Qa4 Bxb5 17. Qxb5+ Qxb5 18. Nxb5 O-O 19. Rac1 a6 20. Nd6 b5 21.
Rc7 Nc4 22. Nxc4 bxc4 23. Rd1 Rab8 24. Rd2 Rfc8 25. Rxc8+ Rxc8 26. f4 g5 27. f5
Rd8 28. g4 e5 29. Kf2 Kf8 30. Rc2 Rc8 31. Rd2 Rc5 32. Ke1 Ke8 33. Kd1 Kd7 34.
Kc2 Kd6 35. Kc3 e4 36. Kd4 Ra5 37. b3 cxb3 38. axb3 Ra1 39. Kc3 Re1 40. Kd4 a5
41. Ra2 Rd1+ 42. Kc3 Rd3+ 43. Kc2 Rxe3 44. Rxa5 d4 45. Ra7 Rc3+ 46. Kd1 Rc7 47.
Ra8 e3 48. Re8 Ra7 49. Re4 Ra1+ 50. Ke2 Ra2+ 51. Ke1 Kd5 52. Re7 Rxh2 53. Rxf7
d3 54. Rd7+ Ke4 55. Re7+ Kf3 56. Rxe3+ Kxe3 57. f7 Rh1# 0-1

[Event "Madrid ch Final"]
[Site "Madrid ESP"]
[Date "2008.02.28"]
[Round "3.2"]
[White "Ballesteros Gonzalez, David"]
[Black "Madina Yadarola, Martin"]
[Result "1/2-1/2"]
[WhiteElo "2285"]
[BlackElo "2290"]
[PlyCount "25"]
[EventDate "2008.02.27"]
[EventType "tourn"]
[EventRounds "11"]
[EventCountry "ESP"]
[Source "lmi"]
[SourceDate "2008.02.27"]

1. e4 c6 2. d4 d5 3. exd5 cxd5 4. Nf3 Nc6 5. Be2 Nf6 6. O-O Bf5 7. Re1 e6 8.
Bg5 h6 9. Bh4 Bd6 10. Nbd2 O-O 11. a3 Rc8 12. c4 Bf4 13. c5 1/2-1/2

[Event "Madrid ch Final"]
[Site "Madrid ESP"]
[Date "2008.02.28"]
[Round "3.3"]
[White "Candela Perez, Jose"]
[Black "Blanco Sanchez, Jose Fernando"]
[Result "1-0"]
[WhiteElo "2407"]
[BlackElo "2155"]
[PlyCount "83"]
[EventDate "2008.02.27"]
[EventType "tourn"]
[EventRounds "11"]
[EventCountry "ESP"]
[Source "lmi"]
[SourceDate "2008.02.27"]

1. d4 Nf6 2. c4 e5 3. dxe5 Ne4 4. a3 Nc6 5. Nf3 d6 6. Qc2 d5 7. Nc3 Nxc3 8.
Qxc3 d4 9. Qd3 Bg4 10. Bf4 Qd7 11. h3 Bh5 12. g3 Bxf3 13. exf3 Qe6 14. Qe4 Be7
15. h4 Na5 16. Qd5 Qa6 17. Qb5+ Qxb5 18. cxb5 c5 19. bxc6 Nxc6 20. Bb5 a6 21.
Bd3 O-O 22. Be4 Rfe8 23. Kd2 Na5 24. Bd5 Rad8 25. Ba2 Bf8 26. e6 fxe6 27. Bc7
Nc6 28. Bxd8 Nxd8 29. Rac1 Nc6 30. f4 g6 31. Rhe1 Kf7 32. Re4 Bd6 33. Rce1 Nd8
34. Rxd4 Bc5 35. Rd7+ Kf6 36. Ke2 h5 37. Red1 Be7 38. Kf3 a5 39. Rc7 b6 40.
Rdd7 Bc5 41. Rc8 Be7 42. Rb8 1-0

[Event "Madrid ch Final"]
[Site "Madrid ESP"]
[Date "2008.02.28"]
[Round "3.4"]
[White "Alvarez Abejon, Amilcar"]
[Black "Sanchez Garcia, Aurelio"]
[Result "0-1"]
[WhiteElo "2080"]
[BlackElo "2117"]
[PlyCount "84"]
[EventDate "2008.02.27"]
[EventType "tourn"]
[EventRounds "11"]
[EventCountry "ESP"]
[Source "lmi"]
[SourceDate "2008.02.27"]

1. e4 d6 2. d4 Nf6 3. Nc3 e5 4. Nf3 exd4 5. Nxd4 Be7 6. g3 Nc6 7. Nxc6 bxc6 8.
Bg2 Bb7 9. O-O O-O 10. Re1 Nd7 11. f4 Bf6 12. Be3 Re8 13. Bd4 Bxd4+ 14. Qxd4 c5
15. Qd2 Nb6 16. Rad1 Qc8 17. a4 Bc6 18. b3 a5 19. Nb5 Qb7 20. Re2 f6 21. Rde1
Nd7 22. Na3 Nb6 23. Qc3 Re7 24. Nc4 Qa6 25. Nxb6 cxb6 26. Re3 Rae8 27. Qd3 Qxd3
28. cxd3 Bb7 29. Kf2 Kf7 30. Bf3 g6 31. g4 g5 32. f5 Ba6 33. R1e2 Rb8 34. Rd2
b5 35. d4 bxa4 36. bxa4 cxd4 37. Rxd4 Rb2+ 38. Ke1 Rc7 39. Rd2 Rc1+ 40. Rd1
Rcc2 41. e5 Rf2 42. Be2 Rfxe2+ 0-1

[Event "Madrid ch Final"]
[Site "Madrid ESP"]
[Date "2008.02.28"]
[Round "3.5"]
[White "Adan Bermudez, Sergio"]
[Black "Vazquez Igarza, Renier"]
[Result "0-1"]
[WhiteElo "2087"]
[BlackElo "2530"]
[PlyCount "40"]
[EventDate "2008.02.27"]
[EventType "tourn"]
[EventRounds "11"]
[EventCountry "ESP"]
[Source "lmi"]
[SourceDate "2008.02.27"]

1. c4 Nf6 2. g3 c5 3. Bg2 e6 4. Nf3 Nc6 5. Nc3 d5 6. cxd5 exd5 7. d4 Be7 8. O-O
O-O 9. Bf4 a6 10. dxc5 Bxc5 11. Ne5 Re8 12. Nxc6 bxc6 13. Na4 Ba7 14. Qc2 Bg4
15. Bf3 Bh3 16. Bg2 Qd7 17. Rfe1 Ne4 18. Bxe4 Rxe4 19. Nc5 Bxc5 20. Qxc5 Rxf4
0-1

[Event "Madrid ch Final"]
[Site "Madrid ESP"]
[Date "2008.02.28"]
[Round "3.6"]
[White "Lopez Andujar Ocana, Antonio"]
[Black "Vukotic Jovsic, Dragan"]
[Result "1/2-1/2"]
[WhiteElo "2158"]
[BlackElo "2053"]
[PlyCount "51"]
[EventDate "2008.02.27"]
[EventType "tourn"]
[EventRounds "11"]
[EventCountry "ESP"]
[Source "lmi"]
[SourceDate "2008.02.27"]

1. e4 c5 2. Nf3 d6 3. c4 e5 4. d3 Bg4 5. Be2 Bxf3 6. Bxf3 Nc6 7. O-O Be7 8. Nc3
Bg5 9. Be3 Bxe3 10. fxe3 Nge7 11. Qe2 O-O 12. Bg4 Ng6 13. Rf3 Nh4 14. Rh3 f5
15. g3 fxg4 16. Rxh4 Qd7 17. Qxg4 Qxg4 18. Rxg4 Nb4 19. Rd1 Nc2 20. Nd5 Rf3 21.
Rd2 Ne1 22. Rd1 Nc2 23. Rd2 Ne1 24. Rd1 Nc2 25. Rd2 Ne1 26. Rd1 1/2-1/2

[Event "Madrid ch Final"]
[Site "Madrid ESP"]
[Date "2008.03.04"]
[Round "4.1"]
[White "Gallardo Garcia, Andres"]
[Black "Vukotic Jovsic, Dragan"]
[Result "1-0"]
[WhiteElo "2380"]
[BlackElo "2053"]
[PlyCount "29"]
[EventDate "2008.02.27"]
[EventType "tourn"]
[EventRounds "11"]
[EventCountry "ESP"]
[Source "lmi"]
[SourceDate "2008.02.27"]

1. e4 c5 2. Nf3 d6 3. Bb5+ Bd7 4. Bxd7+ Qxd7 5. O-O Nc6 6. c3 Nf6 7. Qe2 e5 8.
Rd1 Be7 9. d4 cxd4 10. cxd4 Nxd4 11. Nxd4 exd4 12. Rxd4 Rc8 13. Nc3 O-O 14. e5
Rfe8 15. Qd1 1-0

[Event "Madrid ch Final"]
[Site "Madrid ESP"]
[Date "2008.03.04"]
[Round "4.2"]
[White "Vazquez Igarza, Renier"]
[Black "Lopez Andujar Ocana, Antonio"]
[Result "1-0"]
[WhiteElo "2530"]
[BlackElo "2158"]
[PlyCount "63"]
[EventDate "2008.02.27"]
[EventType "tourn"]
[EventRounds "11"]
[EventCountry "ESP"]
[Source "lmi"]
[SourceDate "2008.02.27"]

1. e4 e5 2. Nf3 Nf6 3. Nxe5 d6 4. Nf3 Nxe4 5. Nc3 Nf6 6. d4 Be7 7. Bg5 O-O 8.
Qd2 Nc6 9. O-O-O Bf5 10. Qf4 Bg6 11. Bxf6 Bxf6 12. h4 h5 13. g4 hxg4 14. Qxg4
Qc8 15. Qg3 Nb4 16. Bh3 Bf5 17. a3 Bxh3 18. Rxh3 Nc6 19. Nd5 Qf5 20. Ne3 Qh5
21. Qf4 Qh6 22. Qg4 Rae8 23. Ng5 Bxg5 24. hxg5 Qg6 25. Rdh1 f6 26. Qd7 Re7 27.
Qf5 Kf7 28. gxf6 Qxf6 29. Qg4 Nxd4 30. c3 Ke8 31. cxd4 Qxf2 32. Rf1 1-0

[Event "Madrid ch Final"]
[Site "Madrid ESP"]
[Date "2008.03.04"]
[Round "4.3"]
[White "Sanchez Garcia, Aurelio"]
[Black "Adan Bermudez, Sergio"]
[Result "0-1"]
[WhiteElo "2117"]
[BlackElo "2087"]
[PlyCount "74"]
[EventDate "2008.02.27"]
[EventType "tourn"]
[EventRounds "11"]
[EventCountry "ESP"]
[Source "lmi"]
[SourceDate "2008.02.27"]

1. e4 c5 2. Nc3 g6 3. f4 Bg7 4. Nf3 Nc6 5. Bb5 Nd4 6. O-O a6 7. Bc4 d6 8. Nxd4
cxd4 9. Ne2 Nf6 10. d3 d5 11. exd5 Nxd5 12. Ng3 b5 13. Bb3 O-O 14. f5 Ne3 15.
Bxe3 dxe3 16. c3 Qb6 17. d4 Ra7 18. Qd3 Bh6 19. Rae1 e5 20. fxe6 Bxe6 21. Ne4
f5 22. Nc5 Bxb3 23. axb3 a5 24. Re2 Rd8 25. Qb1 Rc7 26. Qe1 Rf8 27. Qh4 g5 28.
Qh3 g4 29. Qg3 Rg7 30. Qe5 f4 31. Qd5+ Rgf7 32. Nd7 Qd8 33. Qh5 Qg5 34. Qxg5+
Bxg5 35. Nxf8 Rxf8 36. Rfe1 f3 37. Rxe3 f2+ 0-1

[Event "Madrid ch Final"]
[Site "Madrid ESP"]
[Date "2008.03.04"]
[Round "4.4"]
[White "Blanco Sanchez, Jose Fernando"]
[Black "Alvarez Abejon, Amilcar"]
[Result "0-1"]
[WhiteElo "2155"]
[BlackElo "2080"]
[PlyCount "74"]
[EventDate "2008.02.27"]
[EventType "tourn"]
[EventRounds "11"]
[EventCountry "ESP"]
[Source "lmi"]
[SourceDate "2008.02.27"]

1. e4 e5 2. Nf3 Nf6 3. Bc4 Nxe4 4. Nc3 Nxc3 5. dxc3 f6 6. O-O g6 7. Re1 d6 8.
Nh4 Qe7 9. b3 Be6 10. Bxe6 Qxe6 11. f4 Nd7 12. f5 Qf7 13. Qg4 g5 14. Nf3 O-O-O
15. Qa4 a6 16. b4 Nb6 17. Qb3 Qxb3 18. axb3 Nd5 19. Bd2 h5 20. Rf1 Ne7 21. Ne1
g4 22. Nd3 Bh6 23. Bxh6 Rxh6 24. c4 Rg8 25. b5 axb5 26. cxb5 Rg5 27. Ra8+ Kd7
28. b6 cxb6 29. Rfa1 Rxf5 30. c4 Nc6 31. Rg8 Rh7 32. g3 Rf3 33. Rd1 Ke6 34. b4
Nd4 35. b5 Rc7 36. c5 dxc5 37. Nf2 c4 0-1

[Event "Madrid ch Final"]
[Site "Madrid ESP"]
[Date "2008.03.04"]
[Round "4.5"]
[White "Madina Yadarola, Martin"]
[Black "Candela Perez, Jose"]
[Result "0-1"]
[WhiteElo "2290"]
[BlackElo "2407"]
[PlyCount "64"]
[EventDate "2008.02.27"]
[EventType "tourn"]
[EventRounds "11"]
[EventCountry "ESP"]
[Source "lmi"]
[SourceDate "2008.02.27"]

1. e4 c5 2. Nf3 d6 3. d4 cxd4 4. Nxd4 Nf6 5. Nc3 a6 6. Bc4 b5 7. Bb3 e6 8. O-O
Be7 9. Qf3 Qc7 10. Qg3 O-O 11. Bh6 Ne8 12. a3 Bd7 13. Rad1 Nc6 14. Bg5 Bxg5 15.
Qxg5 h6 16. Qg3 Na5 17. Rfe1 Nxb3 18. cxb3 Bc8 19. b4 Bb7 20. Nb3 Rd8 21. e5
dxe5 22. Rxd8 Qxd8 23. Qxe5 Nf6 24. Nc5 Qa8 25. Rd1 Bxg2 26. Rd3 Bc6 27. Rg3
Qd8 28. Nxe6 fxe6 29. Qxe6+ Kh8 30. Qxc6 Nh5 31. Qxa6 Nxg3 32. hxg3 Qd4 0-1

[Event "Madrid ch Final"]
[Site "Madrid ESP"]
[Date "2008.03.04"]
[Round "4.6"]
[White "De la Fuente Gonzalez, Francisco"]
[Black "Ballesteros Gonzalez, David"]
[Result "0-1"]
[WhiteElo "2226"]
[BlackElo "2285"]
[PlyCount "50"]
[EventDate "2008.02.27"]
[EventType "tourn"]
[EventRounds "11"]
[EventCountry "ESP"]
[Source "lmi"]
[SourceDate "2008.02.27"]

1. c4 e5 2. g3 Nf6 3. Bg2 Nc6 4. Nc3 Be7 5. Nf3 O-O 6. O-O d6 7. d4 Bg4 8. dxe5
dxe5 9. Nd5 h6 10. Qb3 e4 11. Rd1 Bd6 12. Qxb7 exf3 13. exf3 Bd7 14. Nxf6+ Qxf6
15. c5 Rfb8 16. Qa6 Nb4 17. Qa5 Nc2 18. Rb1 Qf5 19. g4 Qe5 20. f4 Qe2 21. Qd2
Qxg4 22. Kh1 Re8 23. cxd6 Re2 24. Bxa8 Rxd2 25. Rxd2 c6 0-1

[Event "Madrid ch Final"]
[Site "Madrid ESP"]
[Date "2008.03.05"]
[Round "5.1"]
[White "Ballesteros Gonzalez, David"]
[Black "Gallardo Garcia, Andres"]
[Result "0-1"]
[WhiteElo "2285"]
[BlackElo "2380"]
[PlyCount "102"]
[EventDate "2008.02.27"]
[EventType "tourn"]
[EventRounds "11"]
[EventCountry "ESP"]
[Source "lmi"]
[SourceDate "2008.02.27"]

1. d4 d5 2. Nf3 Nf6 3. c4 c6 4. e3 Bg4 5. cxd5 Bxf3 6. Qxf3 cxd5 7. Nc3 e6 8.
Qg3 Nc6 9. Bd2 a6 10. Rc1 Rc8 11. Bd3 Na5 12. O-O Nc4 13. Bxc4 Rxc4 14. f3 g6
15. b3 Rc6 16. Na4 Bd6 17. Qh4 Rxc1 18. Rxc1 Nd7 19. Qxd8+ Kxd8 20. Ba5+ Ke7
21. Bc7 Ba3 22. Rc2 Ra8 23. Kf2 Ke8 24. Nb6 Nxb6 25. Bxb6 Bd6 26. h3 Kd7 27.
Ke2 a5 28. Kd3 a4 29. b4 h5 30. a3 g5 31. Bc5 Bg3 32. b5 f5 33. Bb4 Rg8 34. Bd2
Bd6 35. Bc1 g4 36. hxg4 hxg4 37. f4 Rh8 38. Ke2 Ra8 39. Kd3 Ra5 40. Rc3 Rxb5
41. Kc2 Rb6 42. Bd2 Ra6 43. Kb2 Ra8 44. Rc2 Rh8 45. Ba5 Rh1 46. Bc3 Rd1 47. Bd2
Rf1 48. Ba5 g3 49. Bc3 Rf2 50. Rd2 Kc6 51. Ka2 Kb5 0-1

[Event "Madrid ch Final"]
[Site "Madrid ESP"]
[Date "2008.03.05"]
[Round "5.2"]
[White "Candela Perez, Jose"]
[Black "De la Fuente Gonzalez, Francisco"]
[Result "1-0"]
[WhiteElo "2407"]
[BlackElo "2226"]
[PlyCount "89"]
[EventDate "2008.02.27"]
[EventType "tourn"]
[EventRounds "11"]
[EventCountry "ESP"]
[Source "lmi"]
[SourceDate "2008.02.27"]

1. d4 d5 2. c4 c6 3. Nf3 Nf6 4. Nc3 dxc4 5. a4 Bf5 6. e3 e6 7. Bxc4 Bb4 8. O-O
O-O 9. Nh4 Nbd7 10. Nxf5 exf5 11. Qc2 g6 12. f3 Nb6 13. Bb3 f4 14. exf4 Qxd4+
15. Kh1 Rfe8 16. f5 Nbd5 17. Bg5 Kg7 18. fxg6 hxg6 19. Rad1 Qe5 20. Bxf6+ Nxf6
21. Bxf7 Kxf7 22. Qb3+ Nd5 23. Nxd5 cxd5 24. Qxb4 Re7 25. Rfe1 Qg5 26. Rxe7+
Qxe7 27. Qxe7+ Kxe7 28. Rxd5 Rc8 29. h3 a6 30. Rd4 Ke6 31. Rb4 Rc7 32. Rb6+ Kf5
33. Kh2 g5 34. g4+ Kf4 35. Rf6+ Ke3 36. Kg3 Rc4 37. Re6+ Kd3 38. Re4 b5 39.
axb5 axb5 40. h4 gxh4+ 41. Kxh4 Rc2 42. b4 Rc1 43. g5 Rh1+ 44. Kg4 Rg1+ 45. Kf5
1-0